| 000 | 00574nam a2200121Ia 4500 | ||
|---|---|---|---|
| 008 | 220615s9999||||xx |||||||||||||| ||und|| | ||
| 100 | _aJonathan M. Atkins | ||
| 245 | 0 | _aParties, Politics, and the Sectional Conflict in Tennessee, 1832-1861 | |
| 546 | _aEnglish[eng] | ||
| 650 | _aSectionalism (United States)||Tennessee--Politics and government--To 1865||Political culture--Tennessee--History--19th century||Political parties--Tennessee--History--19th century | ||
| 856 | _uhttp://trace.tennessee.edu/cgi/viewcontent.cgi?article=1012&context=utk_early-american | ||
| 942 | _cEB | ||
| 999 |
_c8321 _d8321 |
||